| 000 | 00520nam a22001937a 4500 | ||
|---|---|---|---|
| 999 |
_c526870 _d526870 |
||
| 003 | NUST | ||
| 005 | 20190717071829.0 | ||
| 008 | 190717b ||||| |||| 00| 0 eng d | ||
| 020 | _qHardcover. | ||
| 038 | _aMr. Zahoor | ||
| 082 | _a658 | ||
| 100 |
_aElahi, Isra _917867 |
||
| 245 |
_aLafarge Pakistan Sales Intiatives / _cIsra Elahi |
||
| 260 |
_aIslamabad : _bNBS - NUST, _c2015. |
||
| 300 |
_a27 p. : ill. ; _c30cm. |
||
| 650 |
_aHRM -EMBA Thesis _917868 |
||
| 700 |
_aMr. Bilal Chohan _917869 |
||
| 942 |
_2ddc _cTHE |
||